Vizuálne monitorovanie povrchu bioaktívnej keramiky v kolagéne a prostredí kmeňových buniek pomocou magnetickej rezonancie

Enregistré dans:
Détails bibliographiques
Auteur principal: Hurik, Patrik (Auteur)
Autres auteurs: Bača, Ľuboš (Directeur de thèse)
Format: Manuscrit Livre
Langue:slovaque
Publié: 2025
Sujets:
Accès en ligne:http://is.stuba.sk/zp/portal_zp.pl?podrobnosti=176167
Tags: Ajouter un tag
Pas de tags, Soyez le premier à ajouter un tag!

MARC

LEADER 00000ntm a22000003a 4500
001 stuzp105240
003 SK-STU
005 20250628212455.9
007 ta
008 150427s2015----xo-----f-mn---000-0-slo-d
040 |a STU  |b slo 
041 0 |a slo 
100 1 |a Hurik, Patrik  |u 042110  |4 aut  |U FCHPT Ústav anorganickej chémie, technológie a materiálov  |T FCHPT Oddelenie anorganických materiálov  |X 121476  |U C2110  |Y 110  |7 121476 
242 0 1 |a Visual Monitoring of the Bioceramic Surface in Collagen and Stem Cell Environments Using Magnetic Resonance Imaging  |y eng 
245 1 0 |a Vizuálne monitorovanie povrchu bioaktívnej keramiky v kolagéne a prostredí kmeňových buniek pomocou magnetickej rezonancie 
260 |c 2025 
650 4 |a MRI  |2 slo 
650 4 |a hydroxyapatit  |2 slo 
650 4 |a kmeňové bunky  |2 slo 
650 4 |a pevné tkanivá  |2 slo 
650 4 |a stem cells  |2 eng 
650 4 |a hydroxyapatite  |2 eng 
650 4 |a MRI  |2 eng 
650 4 |a hard tissues  |2 eng 
700 1 |a Bača, Ľuboš  |u 042110  |k Z2  |4 ths  |U FCHPT Ústav anorganickej chémie, technológie a materiálov  |T FCHPT Oddelenie anorganických materiálov  |X 70834  |U C2110  |Y 110  |7 A0000070834 
856 4 |u http://is.stuba.sk/zp/portal_zp.pl?podrobnosti=176167